| 000 | 00548nam a2200193Ia 4500 | ||
|---|---|---|---|
| 003 | GCL | ||
| 008 | 140319s9999 xx 000 0 eng d | ||
| 040 |
_aGCL / _cGCL |
||
| 082 | 0 | 4 |
_a620.1123 _bP M |
| 100 | 1 | _aPILKEY,WALLER | |
| 245 | 1 | 0 |
_aMECHANICS OF STRUCTURRES VARIATIONAL AND COMPUTATIONAL MELHEEDS / _cPILKEY,WALLER |
| 700 | 1 | _aWUNDERLICH, WALLER | |
| 260 |
_a[S.N] : _bCRC PRESS ، _c1993 |
||
| 300 | _a855.P | ||
| 650 | 0 | 4 | _aSTRENGTH - MATERIALS |
| 650 | 0 | 4 | _aENGINEERING MATHEMATICS |
| 650 | 0 | 4 | _aMECHANICS APPLIED |
| 942 |
_2ddc _cBK |
||
| 999 |
_c11980 _d11980 |
||